| 000 | 00936nam a2200229Ii 4500 | ||
|---|---|---|---|
| 003 | JO-AjNU | ||
| 008 | 230605s9999||||xx |||||||||||||| ||und|| | ||
| 017 | _a2007/6/1590 | ||
| 020 | _a9957-16-343-3 | ||
| 040 |
_aJO-AjNU _bara _erda _cJO-AjNU |
||
| 041 | _aara | ||
| 050 | 1 | 4 | _ak7340.k56.2009 |
| 100 | 3 |
_a الكيلاني، محمود , _eauthor _946042 |
|
| 245 | 0 | 0 | _aالموسوعة التجارية والمصرفية : التشريعات التجارية والإلكترونية " دراسة مقارنة " ، المجلد الثاني |
| 250 | _aط1 | ||
| 264 | 3 | 1 | _aعمان : دار الثقافة ، 2009 |
| 300 |
_aمج2، 504ص _bيشتمل على المراجع ص (501 - 504 ) |
||
| 336 |
_atext _btxt _2rdacontent |
||
| 337 |
_aunmediated _bn _2rdamedia |
||
| 338 |
_avolume _bnc _2rdacarrier |
||
| 650 | 4 |
_aالقانون التجاري -- التشريعات التجارية والإلكترونية _946043 |
|
| 999 |
_aA20002 _c23570 _d23570 |
||